000 00808nam a2200241 a 4500
001 60205
003 BD-RjUL
005 20211209080820.0
008 190307s1963 th a 000 0 eng d
035 _a(BD-RjUL)60329
040 _aDLC
_cVYL
_dOCL
_dm.c
_dBD-RjUL
_beng
041 _aeng
082 _223
_a341.72
_bSOC 1963
110 1 _aSouth-East Asia Treaty Organization
_9229129
245 1 0 _aCollective security :
_bshield of freedom /
_cSouth-East Asia Treaty Organization , with a foreword by Pote Sarasin
250 _a2nd ed. (rev.)
260 _aThailand :
_bSEATO,
_c1963.
300 _a[4], 164 p. :
_bill. ;
_c21 cm.
650 0 _aSecurity, International
_9179240
650 0 _aRegionalism (International organization)
_9179241
700 _aSarasin, Pote, forworder
_9179239
942 _2ddc
_cBK
999 _c60205
_d60205